| 000 | 00545nam a2200169Ia 4500 | ||
|---|---|---|---|
| 008 | 220216s9999 xx 000 0 und d | ||
| 100 | _aPastor-Blas M M | ||
| 245 | 0 | _aMechanisms of adhesion in surface chlorinated thermoplastic rubber/thermoplastic polyurethane adhesive joints | |
| 260 |
_bRubber Chemistry and Technology _c2002 |
||
| 300 | _a825-837 | ||
| 650 | _aAdhesion | ||
| 650 | _aChlorinated thermoplastic rubber | ||
| 650 | _aPolyurethane adhesive joints | ||
| 700 | _aBoerio F J | ||
| 700 | _aMartin-Martinez J M | ||
| 942 | _cJS | ||
| 999 |
_c62784 _d62784 |
||